000 01365nam a2200325 4500
001 398
003 OSt
005 20250617152347.0
008 250414b |||||||e |||| 00| 0 eng d
020 _a9788565042727
040 _bpor
041 _hger
_apor
082 _a150.195
_bB122p
100 _aBack, Frederick
_d1924 - 2013
240 _aPsicologia aplicada no Cotidiano
245 _aPsicologia aplicada no cotidiano :
_bO Essencial da Psicologia /
_cBack, Frederick ;
260 _bHunter Books
_c2016
_aSão Paulo
300 _a152 p.
520 _aPsicologia aplicada no cotidiano fala um pouco de tudo o que representa o conhecimento da Psicologia: os pioneiros Freud e Jung, os sonhos e os distúrbios do sono, amor e paixão, os ídolos e a idolatria, casamento, família e crises, a adolescência e seus conflitos, os mitos dos supers-heróis e os efeitos psicológicos da cores e dos pets na vida das pessoas.
650 0 _aPsicologia
_9831
650 0 _aPsicologia Comportamental
_9868
650 0 _aPsicanálise
_9839
650 0 _aAutoconhecimento – Filosofia e psicologia
_9855
650 0 _aFreud, Sigmund – Teorias
_9840
650 0 _aAplicações da Psicologia no Cotidiano
_9857
655 0 _aNão Ficção
_9102
655 0 _aTécnico-científico
_9835
830 _aO Essencial da Psicologia
_9853
942 _2ddc
_n0
_cBK
999 _c398
_d398